zpět

Detail výsledku týmu

MANGO, Karlovy Vary

Datum a čas kvízu

28 Celkem bodů Celkový počet nahraných bodů na tomto kvízu bez doplňovacích otázek.
2. Pořadí na kvízu Konečné umístění týmu na tomto kvízu.

Zaznamenané odpovědi

# Otázka Odpověď Body Výsledky
1. Český premiér Petr Fiala se mi... Etiopii 0
2. V úterý se v jisté evropské mo... Španělsko, princezna Leonor 0
3. Jedna kapela ve čtvrtek vydala... The Beatles 1
4. Minulý týden otevřel jistý ame... Popeye's 0
5. Lionel Messi získal poosmé cen... Erling Haaland, Kylian Mbappé 0
-14. O které významné ženě 18. stol... o Marii Antoinettě 1
-13. Přívlastkové víno, k jehož výr... výběr z cibéb 0
-12. Jak se slovem začínajícím na p... enologie 1
-11. Seřaďte státy níže podle množs... 1B 2C 3D 4A 0
-10. Brandy je pálenka vyrobená z h... Cognac 0